| Поле | Инд. | ПП | Название | Значение |
|---|---|---|---|---|
| Тип записи | a | |||
| Библиографический уровень | m | |||
| 001 | Контрольный номер | DU/622219619 | ||
| 005 | Дата корректировки | 20230321144405.1 | ||
| 020 | a | ISBN | 978-5-91103-431-3 | |
| 084 | a | Индекс другой классификации/Индекс ББК | 85.100,021 | |
| 090 | a | Полочн. индекс | 85.100,021 | |
| x | Авторский знак | Р 28 | ||
| 100 | 1_ | a | Автор | Раш М. |
| q | Полное имя | Раш Майкл | ||
| u | Дополнение к имени | Rush M. | ||
| 245 | 10 | a | Заглавие | Новые медиа в искусстве |
| 246 | 01 | a | Другая форма заглавия | New Media in Art |
| 260 | b | Издательство | Ад Маргинем Пресс | |
| a | Место издания | Москва | ||
| c | Дата издания | 2018 | ||
| 300 | a | Объем | 256 с. | |
| 336 | a | Термин вида содержания | Текст | |
| 337 | a | Термин типа средства | непосредственный + электронный | |
| 541 | 1_ | a | Номер заявки | 8134 |
| b | Заявитель | Боклагов Евгений Николаевич | ||
| c | Факультет/Кафедра/Подразделение | Кафедра социологии и гуманитарных наук | ||
| d | Дата заявки | 08.11.2018 | ||
| f | Дисциплина | эстетика и история искусства | ||
| h | Уровень подготовки | Бакалавриат | ||
| n | Количество экземпляров | 2 | ||
| 650 | 04 | a | Основная рубрика | изобразительное искусство |
| a | Основная рубрика | искусство | ||
| a | Основная рубрика | теория изобразительного искусства | ||
| 653 | 0_ | a | Ключевые слова | XX век |
| a | Ключевые слова | видео-арт | ||
| a | Ключевые слова | видеоискусство | ||
| a | Ключевые слова | визуальное искусство | ||
| a | Ключевые слова | виртуальная реальность | ||
| a | Ключевые слова | инсталляция | ||
| a | Ключевые слова | Интернет | ||
| a | Ключевые слова | кино | ||
| a | Ключевые слова | компьютерное искусство | ||
| a | Ключевые слова | концептуальное искусство | ||
| a | Ключевые слова | минимализм | ||
| a | Ключевые слова | мультимедийные технологии | ||
| a | Ключевые слова | перфоманс | ||
| a | Ключевые слова | постмодернизм | ||
| a | Ключевые слова | цифровое изображение | ||
| a | Ключевые слова | цифровое изобразительное искусство | ||
| a | Ключевые слова | цифровое искусство | ||
| a | Ключевые слова | цифровые технологии | ||
| 720 | a | Наименование подборки | К семинарам по культурологии | |
| e | Признак/вид подборки | Тематические подборки | ||
| 856 | 40 | a | Имя сервера/домена | Библиотечная система Университета "Дубна" |
| d | Путь | http://lib.uni-dubna.ru/MegaPRO/Web | ||
| i | Указания/сценарий входа | Доступ по номеру читательского билета и фамилии читателя | ||
| y | Справочный текст | Электронная версия | ||
| u | URL | https://lib.uni-dubna.ru/MegaPRO/UserEntry?Action=FindDocs&ids=173426&idb=ec_110 | ||
| 900 | a | Имя электронного ресурса | obl_novye_media_v_iskusstve | |
| x | Справочная информация | Обложка | ||
| 900 | a | Имя электронного ресурса | Rash_novue_media | |
| x | Справочная информация | Полный текст | ||
| 901 | t | Тип документа | m | |
| 952 | a | Тип литературы для КСУ ВШ | НАУ |